000 00304nam a22001337a 4500
008 181025b xxu||||| |||| 00| 0 eng d
020 _a9780721686936
041 _aeng
080 _a610
100 _a4
101 _aSHM
245 _aEvidence Based Physical Diagnosis
_cSteven.M
942 _2udc
_cBK
999 _c50924
_d50924